1449 1620 1486 1436 1763 1228 1891 1428 1193 1918 1255 1059 1813 1443 1988 1683 1581 1834 1262 1692 1277 1828 1124 1500 1964 1453 1410 1998 1145 1901 1205 1570 1886 1853 1674 1172 1465 1118 1255 1908 1037 1436 1873 1671 1875 1151 1155 1867 1124 1188 1264 1750 1360 1319 1487 1833 1588 1972 1703 1479 1214 1657 1351 1410 1243 1274 1959 1236 1892 1934 1783 1902 1035 1832 1516 1315 1941 1099 1496 1768 1107 1246 1065 1385 1038 1334 1084 1192 1109 1859 1335 1355 1146 1567 1964 1381 1376 1137 1109 BCNSPRNW ULIB Ver.6.0+V

เปลี่ยนเป็นภาษาไทย

Change to English
 แสดงรายละเอียดบรรณานุกรม
  กลับหน้าหลัก

Brief Record : Get Marc (ISO 2709) : E-mail record : QR code < ปิดหน้าต่าง
LEADER : 00000nam 2200000uu 4500
001    13399128357
003     ULIB
008    230707s2564||||th 000 0 tha d
020    ^a9786168201183 (ล.1)
060 04 ^aWV140^bร924^cล.1
245 00 ^aโรค หู คอ จมูก :^bสำหรับนักศึกษาแพทย์และแพทย์เวชปฏิบัติทั่วไป /^cบรรณาธิการ, ภาวิน เกษกุล, จีระสุข จงกลวัฒนา, โชคชัย เมธีไตรรัตน์
250    ^aพิมพ์ครั้งที่ 2
260    ^aกรุงเทพฯ :^bสำนักพิมพ์ศิริราช คณะแพทยศาสตร์ศิริราชพยาบาลมหาวิทยาลัยมหิดล,^c2564
300    ^a2 เล่ม :^bภาพประกอบ ;^c27 ซม.
500    ^aCL มีพิมพ์ครั้งที่ 1 ปีพิมพ์เดียวกัน
650  4 ^aหู คอ จมูก, โรค^xการรักษา
650  4 ^aหู, โรค^xการรักษา
650  4 ^aคอ, โรค^xการรักษา
650  4 ^aจมูก, โรค^xการรักษา
653    ^aผลงานอาจารย์คณะแพทยศาสตร์ศิริราชพยาบาล
690    ^aMahidol IR
700 0  ^aภาวิน เกษกุล,^eบรรณาธิการ
700 0  ^aจีระสุข จงกลวัฒนา,^eบรรณาธิการ
700 0  ^aโชคชัย เมธีไตรรัตน์,^eบรรณาธิการ
710 2  ^aมหาวิทยาลัยมหิดล.^bคณะแพทยศาสตร์ศิริราชพยาบาล.^bภาควิชาโสต นาสิกลาริงซ์วิทยา
945    ^p1500^l0^i009769
945    ^p1500^l0^i009770
945    ^p1500^l0^i009771
999    ^aประนอม เกษจรัล
รายการนี้ยังไม่มีแท็ก
คุณยังไม่ได้ล็อกอิน คุณสามารถมีกิจกรรมร่วมกับเว็บไซต์ได้ แต่ต้องล็อกอินก่อน ::
  ล็อกอิน

รายการสื่อสารสนเทศ

ลำดับที่ ประเภท เลขเรียก/บาร์โค้ด สถานที่ สถานะ
1. วิทยาศาสตร์การแพทย์ และสุขภาพ
หนังสือสำรอง
สถานะ=หนังสือสำรอง
WV140 ร924 ล.1 ฉ.1 
  Barcode: 009769
ห้องสมุดวิทยาเขตสวรรค์ประชารักษ์
►หนังสือทั่วไป
บนชั้น
2. วิทยาศาสตร์การแพทย์ และสุขภาพ
วิทยาศาสตร์การแพทย์ และสุขภาพ
WV140 ร924 ล.1 ฉ.2 
  Barcode: 009770
ห้องสมุดวิทยาเขตสวรรค์ประชารักษ์
►หนังสือทั่วไป
บนชั้น
3. วิทยาศาสตร์การแพทย์ และสุขภาพ
วิทยาศาสตร์การแพทย์ และสุขภาพ
WV140 ร924 ล.1 ฉ.3 
  Barcode: 009771
ห้องสมุดวิทยาเขตสวรรค์ประชารักษ์
►หนังสือทั่วไป
บนชั้น

BibComment


ยังไม่เคยถูกคอมเมนท์

คอมเมนท์ทรัพยากรรายการนี้
  คอมเมนท์: โรค หู คอ จมูก ..


 Copyright 2026. Bcnsprnw @Library